| 000 | 00666nam a2200205 a 4500 | ||
|---|---|---|---|
| 001 | BRCA_2624 | ||
| 005 | 20190320203909.0 | ||
| 008 | 011208s1912----ru-a---###---#000-0#fre-u | ||
| 050 | 4 |
_aNE670 _b.R68O7 1912 |
|
| 100 | 1 |
_aRovinski, Dmitri Aleksandrovich _d1824-1895 _97478 |
|
| 245 | 1 | 0 |
_aL´oeuvre grave d´Adrien van Ostade _cDmitri Aleksandrovich Rovinski & Nicolas Tchétchouline. |
| 260 |
_aSt. Petersbourg _bS.N Kotov _c1912 |
||
| 300 |
_a122 p. _bil. _c25 cm. |
||
| 500 | _aA78 | ||
| 600 | 1 | 4 |
_aOstade, Adrien van _d1610-1685 _97479 |
| 650 | 1 | 4 |
_aGrabadores holandeses _97366 |
| 700 | 1 |
_aTchétchouline, Nicolas _ecoaut. _97480 |
|
| 902 | _aGFM | ||
| 942 |
_2lcc _cB |
||
| 999 |
_c2364 _d2364 |
||